000 00270nam a22001217a 4500
008 180919b xxu||||| |||| 00| 0 eng d
041 _aeng
080 _a941
100 _a16
101 _aHIS
245 _aAmerican A Narrative History
_cDavis.S.K
942 _2udc
_cBK
999 _c48026
_d48026